ロード中...

Nanocomposites with Biodegradable Polymers

書誌詳細
第一著者: Mittal ed
出版事項: OUP 2011
LEADER 00188 a2200085 4500
100 |a Mittal ed 
245 |a Nanocomposites with Biodegradable Polymers 
260 |c 2011  |b OUP 
942 |c BK  |6 _ 
999 |c 69790  |d 69790